Estatísticas para Cognomes dos REIS de PORTUGAL

Clique aqui para jogar o quiz

Estatísticas Gerais

  • Esse quiz foi jogado 227 vezes
  • A pontuação média é 15 de 36

Estatísticas das Respostas

HintResposta% Correto
D. AFONSO IO Conquistador
96%
D. DINISO Lavrador
76%
D. AFONSO IIO Gordo
73%
D. SEBASTIÃO IO Desejado
68%
D. FERNANDO IO Formoso
59%
D. SANCHO IO Povoador
58%
DONA MARIA IIA Educadora
55%
DONA MARIA IIA Educadora
55%
D. AFONSO VO Africano
53%
D. PEDRO IO Justiceiro
51%
D. JOÃO IIIO Piedoso
48%
D. FILIPE IIO Piedoso
48%
D. JOÃO IVO Restaurador
47%
D. JOÃO VO Magnânimo
46%
D. JOÃO IO de Boa Memoria
44%
D. DUARTEO Eloquente
42%
D. JOSÉ IO Reformador
42%
DONA MARIA IA Piedosa
41%
D. AFONSO IIIO Bolonhês
41%
D. AFONSO IVO Bravo
41%
D. HENRIQUE IO Casto
39%
D. MANUEL IO Venturoso
38%
D. FILIPE IIIO Grande
35%
D. MIGUELO Absoluto
32%
D. CARLOSO Diplomata
30%
D. LUÍSO Popular
28%
D. AFONSO VIO Vitorioso
28%
D. SANCHO IIO Capelo
27%
D. JOÃO VIO Clemente
27%
D. JOÃO IIO Principe Perfeito
27%
D. FILIPE IO Prudente
27%
D. MANUEL IIO Patriota
26%
D.PEDRO IIO Pacifico
22%
D. PEDRO IVO Rei Soldado
22%
D. PEDRO VO Esperançoso
15%
D. ANTÓNIOO Prior de Crato
7%

Distribuição das Pontuações

Percentil de Números Respondidos

Porcentagem de Pessoas com Cada Pontuação

Sua Pontuação Histórica

Você não jogou esse quiz